CSS pro webdesignery : kaskádové styly pro webdesignéry /

Hlavní autor: Prokop, Marek, 1965-
Jazyk: Čeština
Vydáno: Praha : Mobil Media, 2003
Vydání: Vyd. 1.
Témata:
Externí odkaz: Digitalizovaný dokument
Fyzický popis: 288 s. : il. ; 23 cm
Knihy
Uloženo v:
LEADER 01280nam a2200337 a 4500
001 000676406
003 CZ BrMZK
005 20070219142047.0
007 ta
008 030703s2003 xr a e f 000 0 cze d
020 |a 80-86593-35-5  |q (brož.) 
040 |a BOA001  |b cze 
072 7 |a 004.4/.6  |x Programování. Software  |2 Konspekt  |9 23 
080 |a 004.439:004.55HTML  |2 MRF 
080 |a 004.738.12  |2 MRF 
080 |a (035)  |2 MRF 
100 1 |a Prokop, Marek,  |d 1965-  |7 xx0008780  |4 aut 
245 1 0 |a CSS pro webdesignery :  |b kaskádové styly pro webdesignéry /  |c Marek Prokop 
250 |a Vyd. 1. 
260 |a Praha :  |b Mobil Media,  |c 2003 
300 |a 288 s. :  |b il. ;  |c 23 cm 
500 |a Podnázev z obálky 
504 |a Obsahuje rejstřík 
650 0 7 |a kaskádové styly  |7 ph164348  |2 czenas 
650 0 7 |a WWW stránky  |7 ph117163  |2 czenas 
655 7 |a příručky  |7 fd133209  |2 czenas 
856 4 1 |u http://www.digitalniknihovna.cz/mzk/uuid/uuid:f3b311f0-1f84-11e3-9319-005056827e51  |y Digitalizovaný dokument  |x NDK 
910 |a BOA001  |b 2-1120.270 
990 |a BK 
996 6 |b 2610194746  |c 2-1120.270  |l MZK  |r Sklad / do 1 hodiny  |n 2  |p kup  |w 000676406  |u 000010  |a 1  |e BOA001  |j MZK50  |s P 
996 7 |b 2610209145  |c 2-1120.270  |l MZK  |r Sklad / do 1 hodiny  |n 32  |p p.v.  |w 000676406  |u 000020  |a 1  |e BOA001  |j MZK50  |s A